000 00750nam a22002537a 4500
003 dpl
005 20180714112352.0
008 180615b xxu||||| |||| 00| 0 eng d
010 _aB-128149
016 _aB-128149
035 _aB-128149,B-128150
037 _bBPPD/PUB
040 _aDPL
_c0
082 _a639.95
_bHOR
100 _aHornaday. T William
245 _aWild Animals/
_cby William T. Hornaday
_b Their Minds and Manners
260 _aNew Delhi
_bMittal Publications
_c2003
270 _bDelhi
_aA-110, Mohan Garden Delhi-110059
300 _ax, 328p. ;
_c20cm. (HB)
500 _aIncludes index
650 _aZoology
_9111298
650 _aHabitat (Ecology)
_942026
942 _2ddc
_cEN
_h639.95
_mHOR
999 _c152736
_d152736